| 000 | 02258nam a22003737a 4500 | ||
|---|---|---|---|
| 999 |
_c23424 _d23424 |
||
| 003 | AR-CdUCM | ||
| 008 | 251222b2024 pe ||||| |||| 00| 0 spa d | ||
| 040 |
_aMUNICIPALIDAD PROVINCIAL DEL CUSCO _cBIBLIOTECA MUNICIPAL DEL CUSCO |
||
| 041 | _hspa | ||
| 082 |
_a869.03 _bC78 |
||
| 100 |
_aMiguel Corazao Chávez _951796 |
||
| 110 |
_aBiblioteca Nacional del Perú _951797 |
||
| 245 |
_aPurec _bCaminando más allá del universo del Valle Sagrado de los Incas |
||
| 260 |
_aBiblioteca Nacional del Perú _bLezama _c2024 |
||
| 300 |
_a226 páginas _c15 x 22 cm. |
||
| 505 | _aDedicatoria -- Presentación -- Introducción -- Purec y Llachi -- --Donato Sullca Puma -- El condenado -- Los misioneros -- El comerciante -- Los seres humanos y Mauro -- Pantaco -- Pahuachicuy -- Huaccay Ñahui -- Laguna encantada Arorayoc -- Auquina y Purec -- Yachachec -- Siembra de papa -- Juzgamiento -- Constructores -- Yachachec yaco -- Madre Illapa -- Canción a la naturaleza -- Aclla Vivi -- Serpiente venenosa -- Pepín -- Ccorisoncco -- Aristar -- Leyenda del origen del agua de Yanahuara -- Suerte del ccoe o cuy -- Tuyapata y Meche -- Puma -- Féretro vs Odre -- Ñaccacho -- Socca machu enamoradizo --Huasi huacca -- Purec - Sorpresas -- en Cusco, capital del imperio inca -- en Lima -- Jesús y Manco Ccapac -- Anteproyencto de Leyes -- Asesor de Nina Fhuyo -- Incacha: asamblea de la naturaleza -- Conclusiones -- Espíritu -- Recorriendo su vida pasada -- Dibujos del autor | ||
| 650 |
_aPurec sumergido en pensamientos _951798 |
||
| 650 |
_aRecorrido del campo _951799 |
||
| 650 |
_aLaguna encantada _951800 |
||
| 650 |
_aNarración de la historia del Socca _951801 |
||
| 650 |
_aVisita de las inmediaciones _951802 |
||
| 650 |
_aMescla de alegría y placer _951803 |
||
| 650 |
_aNormas morales _951804 |
||
| 650 |
_aSemillas seleccionadas _951805 |
||
| 650 |
_aconstrucción de viviendas _951806 |
||
| 650 |
_aPresencia de Purec y Auquina _951807 |
||
| 650 |
_aEfectos de falta de agua _951808 |
||
| 650 |
_aTraslado a la ciudad inca _951809 |
||
| 650 |
_aViaje a Lima _951810 |
||
| 650 |
_aSoluciones pragmáticas y realistas _951811 |
||
| 710 |
_aBiblioteca Nacional del Perú _951797 |
||
| 942 |
_2ddc _cLIBROS |
||
| 945 |
_ajmcs _d22/12/2025 |
||